00735nam a22002057a 4500003000400000005001700004008004100021020001500062040000900077245013000086260003000216300001600246490001900262650003200281700005500313710004400368942001300412999001500425952008900440OSt20151016133001.0130509s2004 sp ||||| |||| 00| 0 cat d a8473069080 cCDMR03aEl dibuix a Catalunyab: 100 dibuixants que cal conèixercdirecció Josep M. Cadena ; redacció Santi Barjau ... [et al.] aBarcelonabPòrticc2004 a100 p.bil.0 aPòrtic ACCAT0493384aDibuixantszCatalunya1 92992aCadena, Josep M.d1935-q(Josep Maria)edir.2 93385aAssociació Conèixer Catalunya 2udccMON c6207d6207 00104070aCDMRbCDMRd2013-01-16l0oAgpCDMR13056361r2013-05-09w2013-05-09yMON